| 000 | 00478nam a22001937a 4500 | ||
|---|---|---|---|
| 005 | 20260130162505.0 | ||
| 008 | 260129b |||||||| |||| 00| 0 eng d | ||
| 020 |
_a9789356096639 _cRs. 995.00 |
||
| 040 | _aMAIN | ||
| 082 |
_a954.01 _bS77A |
||
| 100 | _aSarvesh Kumar | ||
| 245 | _aAncient Indian history | ||
| 260 |
_bArihant Books _c2025 _aNew Delhi |
||
| 300 | _aviii, 244 | ||
| 650 | _aHistory | ||
| 650 | _aAncient India | ||
| 650 | _aIndia-History | ||
| 942 | _cBK | ||
| 999 |
_c394953 _d394953 |
||